María / (Registro nro. 9384)

Detalles MARC
000 -LIDER
fixed length control field 00705nam a2200277 a 4500
001 - NÚMERO DE CONTROL
Identificador de número de control 0017355
003 - IDENTIFICACDOR DE NÚMERO DE CONTROL
control field DO-SdBNP
005 - DATE AND TIME OF LATEST TRANSACTION
control field 20180213134702.0
007 - CAMPOS FIJOS DE DESCRIPCIÓN FÍSICA
fixed length control field 0017355
008 - ELEMENTOS DE LONGITUD FIJA
fixed length control field 100323s1992 dr a 000 spa d
040 ## - FUENTE DE CATALOGACIÓN
Agencia que crea de manera original el registro BNPHU
Idioma de catalogación spa
Agencia que realiza la transcripción BNPHU
049 ## - LOCAL HOLDINGS (OCLC)
Holding library BPMSU
092 ## - LOCALLY ASSIGNED DEWEY DECIMAL CALL NUMBER
Número de clasificación Co863.2
Número de ítem (Cutter) I73m, 1992
100 1# - ASIENTO PRINCIPAL -- NOMBRE PERSONAL
Nombre personal Isaacs, Jorge,
Fechas asociadas con el nombre 1837-1895
245 10 - MENCIÓN DE TITULO
Título María /
Mención de responsabilidad Jorge Isaacs
250 ## - MENCIÓN DE EDICION
Mención de edición 4a. ed.
260 ## - PUBLICACIÓN, DISTRIBUCIÓN, ETC. (PIE DE IMPRENTA)
Lugar de publicación, distribución, etc Santo Domingo:
Nombre del editor, distribuidor, etc. Alfa & Omega
Fecha de publicación, distribución, etc 1992
300 ## - DESCRIPCIÓN FÍSICA
Extensión 159 p. :
Otros detalles físicos
Dimensiones 17 cm.
650 #4 - ENCABEZAMIENTO DE MATERIA--TEMÁTICO
Término temático o nombre geográfico como elemento de entrada NOVELA COLOMBIANA
650 #4 - ENCABEZAMIENTO DE MATERIA--TEMÁTICO
Término temático o nombre geográfico como elemento de entrada LITERATURA COLOMBIANA
700 1# - ASIENTO SECUNDARIO -- NOMBRE PERSONAL
Nombre personal
Mención de responsabilidad
910 ## - VALIDACIÓN
Validación
942 ## - ADDED ENTRY ELEMENTS (KOHA)
Source of classification or shelving scheme Dewey Decimal Classification
Koha item type Libros
945 ## - INFORMACIÓN DE PROCESAMIENTO LOCAL
Información de procesamiento local Inventariado, 2018/ YL
956 ## - LOCAL ELECTRONIC LOCATION AND ACCESS (OCLC)
Nombre de host VMATEO
Número de acceso 10
Información de compresión 20160328
Inicio de sesión BPMSU
Procesador de solicitud 0069
Existencias
Withdrawn status Lost status Source of classification or shelving scheme Damaged status Not for loan Collection code Home library Current library Date acquired Source of acquisition Total Checkouts Full call number Barcode Date last seen Price effective from Koha item type
    Dewey Decimal Classification     Colección General Biblioteca Pública Metropolitana Salomé Ureña Biblioteca Pública Metropolitana Salomé Ureña 03/28/2016 FUNDI   BPMSU16030267 03/28/2016 03/28/2016 Libros